[Event "VIE-ch (Women)"]
[Site "Ho Chi Minh City"]
[Date "2021.03.26"]
[Round "4"]
[White "Dong, Khanh Linh"]
[Black "Vu, Thi Dieu Uyen"]
[Result "1-0"]
[WhiteElo "1980"]
[BlackElo "1757"]
[PlyCount "47"]
[EventDate "2021.03.24"]
[EventType "swiss"]
[EventRounds "9"]
[EventCountry "VIE"]
[SourceTitle "EXT 2022"]
[Source "ChessBase"]
[SourceDate "2021.10.06"]
[SourceVersion "1"]
[SourceVersionDate "2021.10.06"]
[SourceQuality "1"]

1. d4 d5 2. Nf3 Nf6 3. c4 c6 4. Nbd2 a6 5. c5 Nbd7 6. e3 e5 7. b4 exd4 8. exd4 g6 9. Be2 Bg7 10. 0-0 0-0 11. a4 Ne4 12. Bb2 b6 13. Rb1 bxc5 14. bxc5 Rb8 15. Qc2 a5 16. Nxe4 dxe4 17. Qxe4 Nxc5 18. Qxc6 Qe7 19. Bb5 Ne6 20. d5 Bb7 21. Qc4 Rfc8 22. Qa2 Nc7 23. Bc6 Rd8 24. Ba3 1-0

[Event "VIE-ch U20 Girls"]
[Site "Hanoi"]
[Date "2020.??.??"]
[Round "8"]
[White "Nguyen, Hong Anh"]
[Black "Vu, Thi Dieu Uyen"]
[Result "1/2-1/2"]
[WhiteElo "1970"]
[BlackElo "1757"]
[PlyCount "32"]
[EventDate "2020.10.22"]
[EventType "tourn"]
[EventRounds "9"]
[EventCountry "VIE"]
[SourceTitle "EXT 2022"]
[Source "ChessBase"]
[SourceDate "2021.10.06"]
[SourceVersion "1"]
[SourceVersionDate "2021.10.06"]
[SourceQuality "1"]

1. d4 d5 2. c4 c6 3. cxd5 cxd5 4. Nc3 Nc6 5. Nf3 Nf6 6. Bf4 Bf5 7. e3 e6 8. Bd3 Bxd3 9. Qxd3 Bd6 10. Bxd6 Qxd6 11. 0-0 0-0 12. Rac1 a6 13. h3 Rac8 14. a3 h6 15. Ne2 Na5 16. Rxc8 Rxc8 1/2-1/2

[Event "VIE-ch U20 Girls"]
[Site "Hanoi"]
[Date "2020.??.??"]
[Round "5"]
[White "Vu, Thi Dieu Uyen"]
[Black "Le, Thuy An"]
[Result "1-0"]
[WhiteElo "1757"]
[BlackElo "1756"]
[PlyCount "121"]
[EventDate "2020.10.22"]
[EventType "tourn"]
[EventRounds "9"]
[EventCountry "VIE"]
[SourceTitle "EXT 2022"]
[Source "ChessBase"]
[SourceDate "2021.10.06"]
[SourceVersion "1"]
[SourceVersionDate "2021.10.06"]
[SourceQuality "1"]

1. d4 d5 2. Bf4 c5 3. c3 Nc6 4. e3 Bf5 5. Qb3 Qd7 6. Nf3 e6 7. Bb5 a6 8. Ne5 Qc8 9. Bxc6+ bxc6 10. Qa4 cxd4 11. Qxc6+ Qxc6 12. Nxc6 d3 13. Nd2 Ne7 14. Nxe7 Bxe7 15. f3 Rd8 16. h3 f6 17. e4 Bg6 18. exd5 Rxd5 19. c4 Rd7 20. Rb1 a5 21. Kf2 0-0 22. Rhc1 Rc8 23. Be3 Rb7 24. Bd4 e5 25. Bc3 Bc5+ 26. Ke1 a4 27. b4 axb3 28. axb3 Be3 29. Rd1 f5 30. Nf1 Bg5 31. Bd2 Be7 32. Bc3 e4 33. fxe4 fxe4 34. Kd2 Rf8 35. Bd4 Bg5+ 36. Kc3 Rxf1 37. Rxf1 e3 38. Ra1 h5 39. h4 Bh6 40. Ra8+ Kh7 41. Rff8 Be4 42. Rh8+ Kg6 43. Rxh6+ Kxh6 44. Bxe3+ Kg6 45. Ra5 Rd7 46. Bd2 Bf5 47. Ra6+ Kf7 48. g3 Be6 49. b4 Rc7 50. c5 Bd7 51. Bf4 Rc8 52. Ra7 Ke6 53. Kxd3 Bb5+ 54. Kd4 g6 55. Rb7 Bc6 56. Rb6 Kf5 57. b5 Be8 58. c6 Ke6 59. Kc5 Ke7 60. Rb8 Rxb8 61. Bxb8 1-0